000 00262nam a22001217a 4500
008 190129b xxu||||| |||| 00| 0 eng d
041 _aeng
080 _a530
100 _a43
101 _aFIZ
245 _aPathways in Science
_cOxenhorn,J,M
942 _2udc
_cBK
999 _c53824
_d53824